000 00390nam a2200169Ia 4500
003 LK-CoDNM
008 010623t xxu||||| |||| 00| 1 eng d
040 _aLK-CoDNM
_dLK-CoDNM
_eLK-CoDNM
041 _aeng
080 _a159.9 GAF
100 _aGaffoor,M.S.
245 _aThe Philosophy of Creative Living
260 _b?
300 _b108p., 18 cm
650 _aPsychology
942 _cBK
999 _c136435
_d136435